书目信息 |
| 题名: |
记住未来
|
|
| 作者: | 汪丁丁 著 | |
| 分册: | ||
| 出版信息: | 北京 社会科学文献出版社 2001.07 |
|
| 页数: | 339页 | |
| 开本: | 26cm | |
| 丛书名: | ||
| 单 册: | ||
| 中图分类: | F062.3 | |
| 科图分类: | ||
| 主题词: | 知识经济--研究 | |
| 电子资源: | ||
| ISBN: | 7-80149-536-5 | |
| 000 | 00670nam0 2200205 45 | |
| 001 | 0204230865 | |
| 005 | 20031219104054.9 | |
| 010 | @a7-80149-536-5@dCNY35.00 | |
| 100 | @a20020423d2001 km y0chiy0120 ea | |
| 101 | 0 | @achi |
| 105 | @a z 000yy | |
| 200 | 1 | @a记住未来@AJi Zhu Wei Lai@e经济学家的知识社会学@EJing Ji Xue Jia De Zhi Shi She Hui Xue@f汪丁丁著@FWang Ding Ding Zhu |
| 210 | @a北京@c社会科学文献出版社@d2001.07 | |
| 215 | @a339页@d26cm | |
| 517 | @a经济学家的知识社会学@AJing Ji Xue Jia De Zhi Shi She Hui Xue | |
| 606 | 0 | @a知识经济@x研究 |
| 690 | @aF062.3@v4 | |
| 701 | @a汪丁丁@4著 | |
| 801 | @aCN@bTSTC@c20020423 | |
| 905 | @dF062.3@b308985-989@e17@f5 | |
| 记住未来:经济学家的知识社会学/汪丁丁著.-北京:社会科学文献出版社,2001.07 |
| 339页;26cm |
| ISBN 7-80149-536-5:CNY35.00 |
| ● |
| 相关链接 |
|
|
|
|
正题名:记住未来
索取号:F062.3/17
 
预约/预借
| 序号 | 登录号 | 条形码 | 馆藏地/架位号 | 状态 | 备注 |
| 1 | 0308985 | 203089852 | 第一借阅区/ [索取号:F062.3/17] | 在馆 | |
| 2 | 0308986 | 203089861 | 第一借阅区/ [索取号:F062.3/17] | 在馆 | |
| 3 | 0308987 | 203089870 | 第一借阅区/ [索取号:F062.3/17] | 在馆 | |
| 4 | 0308988 | 203089889 | 第一借阅区/ [索取号:F062.3/17] | 在馆 | |
| 5 | 0308989 | 203089898 | 第一样本阅览室/ [索取号:F062.3/17] | 在馆 |